Geography Quiz

Random Geography or City Quiz

City Rivers Quiz Stats

 Plays Quiz Updated Apr 23, 2021

     
Support Sporcle.
Go Orange.
Score 0/40 Timer 08:00
122 Plays Today
City River % Correct
Cairo, EgyptNile
84.1%
London, EnglandThames
81.4%
Baton Rouge, U.S. Mississippi
76%
Budapest, HungaryDanube
73.4%
New York, U.S.Hudson, East, Harlem
71.4%
Bonn, GermanyRhine
70.9%
Paris, FranceSeine
70%
Turin, ItalyPo
63.2%
Baghdad, IraqTigris
49.6%
Shanghai, ChinaHuangpu, Yangtze
48.1%
Washington DC, U.S.Potomac, Anacostia
46.8%
Kanpur, IndiaGanges
46.8%
Rome, ItalyTiber
46.5%
Geneva, SwitzerlandRhone
45.7%
Québec, CanadaSt. Lawrence
37.8%
Bristol, EnglandAvon, Severn
35.2%
Liverpool, EnglandMersey
34%
Boston, U.S.Charles
32.7%
Vientiane, LaosMekong
32.3%
Bamako, MaliNiger
28.3%
City River % Correct
Amsterdam, Netherlands Amstel
27.9%
Florence, ItalyArno
25.9%
Hamburg, GermanyElbe
25.3%
Dublin, IrelandLiffey
24.8%
Frankfurt, GermanyMain
21.1%
Glasgow, ScotlandClyde
21%
Kiev, UkraineDnieper
20.2%
Lisbon, PortugalTagus
17.5%
Warsaw, PolandVistula
16.6%
Moscow, RussiaMoskva
15.4%
Prague, CzechiaMoldau (Vltava)
13.6%
Cardiff, WalesTaff
12.1%
Guangzhou (Canton), ChinaPearl
11.1%
Seoul, South KoreaHan
10.8%
Perth, AustraliaSwan
10.3%
Vancouver, CanadaFraser
10.3%
Melbourne, AustraliaYarra
8.6%
Calgary, CanadaBow, Elbow
8.5%
São Paulo, BrazilTietê
3.8%
Santiago, ChileMapocho
3.3%

From the Vault

SI Sportsperson of the Year

by Matt

Sports 10m
Sure, you don't have to be American to be noticed and recognized by Sports Illustrated for their somewhat misnamed 'Sportsman of the Year', but it sure does help.
Remove Ads.
Support Sporcle.
Get the best of Sporcle when you Go Orange. This ad-free experience offers more features, more stats, and more fun while also helping to support Sporcle. Thank you for becoming a member.

Show Comments

Extras

Top Quizzes Today


Score Distribution

Your Account Isn't Verified!

In order to create a playlist on Sporcle, you need to verify the email address you used during registration. Go to your Sporcle Settings to finish the process.

Report this User

Report this user for behavior that violates our Community Guidelines.

Details: